|
|
|
|
| LEADER |
00931nab a2200277 i 4500 |
| 001 |
publ32498 |
| 005 |
20250303105615.0 |
| 008 |
250303s1995 hu o 000 hun d |
| 022 |
|
|
|a 1216-3228
|
| 024 |
7 |
|
|a 1313636
|2 mtmt
|
| 040 |
|
|
|a SZTE Publicatio Repozitórium
|b hun
|
| 041 |
|
|
|a hun
|
| 100 |
1 |
|
|a Bartkó György
|
| 245 |
1 |
0 |
|a Imovane(R) alkalmazása álmatlanságban szenvedő járóbetegeknél
|h [elektronikus dokumentum] /
|c Bartkó György
|
| 260 |
|
|
|c 1995
|
| 300 |
|
|
|a 28-29
|
| 490 |
0 |
|
|a PRAXIS: A MINŐSÉGI GYÓGYÍTÁS ELMÉLETE ÉS GYAKORLATA
|v 4 No. 4
|
| 650 |
|
4 |
|a Klinikai orvostan
|
| 700 |
0 |
1 |
|a Fodor Miklós
|e aut
|
| 700 |
0 |
1 |
|a Janka Zoltán
|e aut
|
| 700 |
0 |
1 |
|a Ozsváth Károly
|e aut
|
| 700 |
0 |
1 |
|a Szilárd János
|e aut
|
| 700 |
0 |
1 |
|a Varga József
|e aut
|
| 700 |
0 |
1 |
|a Boóc András
|e aut
|
| 700 |
0 |
1 |
|a Katona Edit
|e aut
|
| 856 |
4 |
0 |
|u http://publicatio.bibl.u-szeged.hu/32498/1/aok_klny_245_95.pdf
|z Dokumentum-elérés
|